00460nam a2200169Ia 4500999001700000003000400017005001700021008004100038040000900079082002200088100002400110245004300134260004200177300000800219650001300227942005000240 c28781d28781OSt20201231110703.0190216s9999||||xx |||||||||||||| ||und|| coclc a894.812301bRAV/N aRavi, Sooranad9117 0aNadodi Seethakathakal /cSooranad Ravi bUnma Publications,aAlappuzha:c2003. a63p aKathakal cBK2ddch894.812301iRAV/Nk894.812301mRAV/N